|
|
|
|
| LEADER |
00915nam a22002652i 4500 |
| 001 |
001521238 |
| 003 |
CZ BrMZK |
| 005 |
20160817075209.0 |
| 007 |
ta |
| 008 |
160414s1992 xo er|||||||||||hun d |
| 020 |
|
|
|a 80-900449-7-2
|
| 040 |
|
|
|a ABA001
|b cze
|d BOA001
|e rda
|
| 080 |
9 |
|
|a 252:282
|
| 100 |
1 |
|
|a Koller, Gyula
|4 aut
|
| 245 |
1 |
0 |
|a Napi örömhír.
|n 1.,
|p Köznapi homíliák az adventi, karácsonyi, nagyböjti és húsvéti idöre /
|c Gyula Koller
|
| 246 |
3 |
0 |
|a Köznapi homíliák az adventi, karácsonyi, nagyböjti és húsvéti idöre
|
| 264 |
|
1 |
|a Trnava :
|b Glória Társulat,
|c 1992
|
| 300 |
|
|
|a 194 stran ;
|c 20 cm
|
| 336 |
|
|
|a text
|b txt
|2 rdacontent
|
| 337 |
|
|
|a bez média
|b n
|2 rdamedia
|
| 338 |
|
|
|a svazek
|b nc
|2 rdacarrier
|
| 910 |
|
|
|a BOA001
|b M2-0983.001,1
|
| 990 |
|
|
|a BK
|
| 991 |
|
|
|b 201604
|
| 996 |
7 |
|
|b 2619156415
|c M2-0983.001,1
|l MZK
|r Sklad / do 24 hodin
|n 0
|w 001556673
|u 000010
|a 1
|e BOA001
|j MZK50
|s A
|